Tort / (Record no. 1400990)
[ view plain ]
| 000 -LEADER | |
|---|---|
| fixed length control field | 00668nam a22002417a 4500 |
| 005 - DATE AND TIME OF LATEST TRANSACTION | |
| control field | 20250516103523.0 |
| 008 - FIXED-LENGTH DATA ELEMENTS--GENERAL INFORMATION | |
| fixed length control field | 250516b |||||||| |||| 00| 0 eng d |
| 037 ## - SOURCE OF ACQUISITION | |
| Terms of availability | TB |
| 040 ## - CATALOGING SOURCE | |
| Original cataloging agency | LCT |
| Transcribing agency | LCT |
| 041 ## - LANGUAGE CODE | |
| Source of code | eng |
| Language code of text/sound track or separate title | eng |
| Language code of original | eng |
| 084 ## - COLON CLASSIFICATION NUMBER | |
| Classification number | Z,4 Q15 |
| 100 ## - MAIN ENTRY--PERSONAL NAME | |
| Personal name | Winfield |
| 9 (RLIN) | 784714 |
| 245 ## - TITLE STATEMENT | |
| Title | Tort / |
| 250 ## - EDITION STATEMENT | |
| Edition statement | 19th ed. |
| 260 ## - PUBLICATION, DISTRIBUTION, ETC. | |
| Place of publication, distribution, etc. | London, United Kingdom: |
| Name of publisher, distributor, etc. | Sweet & Maxwell, Thomson Reuters, |
| Date of publication, distribution, etc. | 2015 |
| 300 ## - PHYSICAL DESCRIPTION | |
| Extent | cLvi, 852p. |
| 650 ## - SUBJECT ADDED ENTRY--TOPICAL TERM | |
| Topical term or geographic name entry element | Law |
| 9 (RLIN) | 784715 |
| 650 ## - SUBJECT ADDED ENTRY--TOPICAL TERM | |
| Topical term or geographic name entry element | Torts |
| 9 (RLIN) | 784716 |
| 650 ## - SUBJECT ADDED ENTRY--TOPICAL TERM | |
| Topical term or geographic name entry element | Torts Wales |
| 9 (RLIN) | 784717 |
| 650 ## - SUBJECT ADDED ENTRY--TOPICAL TERM | |
| Topical term or geographic name entry element | Nuisance |
| 9 (RLIN) | 784718 |
| 700 ## - ADDED ENTRY--PERSONAL NAME | |
| Personal name | Jolowicz |
| 9 (RLIN) | 784719 |
| 942 ## - ADDED ENTRY ELEMENTS (KOHA) | |
| Source of classification or shelving scheme | Colon Classification (CC) |
| Koha item type | Textbook |
| Classification part | Z,4 Q15 |
| Suppress in OPAC | No |
| Withdrawn status | Lost status | Source of classification or shelving scheme | Damaged status | Not for loan | Collection | Home library | Current library | Shelving location | Date acquired | Source of acquisition | Cost, normal purchase price | Inventory number | Total Checkouts | Full call number | Barcode | Date last seen | Price effective from | Koha item type |
|---|---|---|---|---|---|---|---|---|---|---|---|---|---|---|---|---|---|---|
| Colon Classification (CC) | Non-fiction | Law Centre-II Library | Law Centre-II Library | General Stacks | 2025-05-16 | Prolific Publication | 1150.00 | 182/01.09.2017 | Z,4 Q15 | LT0026164 | 2025-05-16 | 2025-05-16 | Textbook | |||||
| Colon Classification (CC) | Non-fiction | Law Centre-II Library | Law Centre-II Library | General Stacks | 2025-05-16 | Prolific Publication | 1150.00 | 182/01.09.2017 | Z,4 Q15 | LT0026165 | 2025-05-16 | 2025-05-16 | Textbook | |||||
| Colon Classification (CC) | Non-fiction | Law Centre-II Library | Law Centre-II Library | General Stacks | 2025-05-16 | Prolific Publication | 1150.00 | 182/01.09.2017 | Z,4 Q15 | LT0026166 | 2025-05-16 | 2025-05-16 | Textbook | |||||
| Colon Classification (CC) | Non-fiction | Law Centre-II Library | Law Centre-II Library | General Stacks | 2025-05-16 | Prolific Publication | 1150.00 | 182/01.09.2017 | Z,4 Q15 | LT0026167 | 2025-05-16 | 2025-05-16 | Textbook |
